000 01830cam a2200169 4500500
005 20260405002703.0
041 _afre
042 _adc
100 1 0 _aDenieuil, Marie
_eauthor
245 0 0 _aLa poésie du concept chez Nietzsche
260 _c2026.
500 _a85
520 _aCet article examine la « poésie du concept » chez Nietzsche en montrant que la forme poétique n’est pas un ornement stylistique, mais une modalité de connaissance qui appuie le discours. À partir d’analyses de métaphores et d’images dans Ainsi parlait Zarathoustra et dans ses poèmes de ladite période (1883-1885), il montre que le concept demeure traversé par la sensation et le corps. La poésie permet ainsi de préserver l’origine sensible de la pensée et d’en renouveler la puissance critique. La mise en perspective avec Rimbaud révèle une parenté épistémique : chez l’un comme chez l’autre, le langage poétique devient un moyen d’accès à une connaissance incarnée du réel.
520 _aThis article examines Nietzsche’s “poetry of the concept,” showing that poetic form is not a stylistic ornament but a mode of knowledge that supports discourse. Through analyses of metaphors and images in Thus Spoke Zarathustra and in Nietzsche’s poems from the same period (1883–1885), it demonstrates that the concept remains permeated by sensation and the body. Poetry thus preserves the sensible origin of thought and renews its critical power. A comparative perspective with Rimbaud reveals an epistemic affinity: In both cases, poetic language becomes a means of access to an embodied knowledge of reality.
786 0 _nLe Philosophoire | 65 | 1 | 2026-03-30 | p. 77-94 | 1283-7091
856 4 1 _uhttps://shs.cairn.info/revue-le-philosophoire-2026-1-page-77?lang=fr&redirect-ssocas=7080
999 _c2060127
_d2060127